| 000 | 00589nam a2200217Ia 4500 | ||
|---|---|---|---|
| 003 | OSt | ||
| 005 | 20230420112937.0 | ||
| 008 | 210423s2011 xx 000 0 und d | ||
| 020 | _a852264135 | ||
| 040 | _cAL | ||
| 041 | _aeng | ||
| 082 |
_a516.3 _223 _bJAIP |
||
| 100 |
_aJAIN (P K);AHMAD (Khalil). _990962 |
||
| 245 | _aTextbook of analytical geometry of two dimensions. | ||
| 250 | _a2 | ||
| 260 |
_aNew Delhi _bNew Age International _c2011 |
||
| 300 |
_axii,362 _bPB |
||
| 365 |
_b183 _cINR |
||
| 906 | _aanalytical ; dimensions. ; geometry ; Textbook ; two | ||
| 942 |
_2ddc _cBK |
||
| 999 |
_c160798 _d160798 |
||